Negative aspects of society. Manipulation througt media bakalárska práca

Uložené v:
Podrobná bibliografia
Hlavný autor: Kadlečík, Filip
Korporativný autor: Fakulta aplikovaných jazykov EU v Bratislave. Katedra interkultúrnej komunikácie
Ďalší autori: Barac, Ľudovít
Médium: Kniha
Jazyk:English
Vydavateľské údaje: Bratislava 2014
Tagy: Pridať tag
Žiadne tagy, Buďte prvý, kto otaguje tento záznam!

MARC

LEADER 00000nbm a2200000 4500
001 0192951
005 20161228105033.1
041 0 |a eng 
044 |a SK 
245 1 0 |a Negative aspects of society. Manipulation througt media  |b bakalárska práca  |c Filip Kadlečík ; školiteľ: Ľudovít Barac 
264 1 |a Bratislava  |c 2014 
300 |a 55 s. 
100 1 |a Kadlečík, Filip 
700 1 |a Barac, Ľudovít 
710 2 |a Fakulta aplikovaných jazykov EU v Bratislave. Katedra interkultúrnej komunikácie